[Event "NCA-chT 1st Stage"]
[Site "Managua"]
[Date "2021.09.26"]
[Round "2.3"]
[White "Gutierrez Hernandez, Marlon Antonio"]
[Black "Rojas Laguna, Altieri Francisco"]
[Result "1/2-1/2"]
[WhiteElo "1589"]
[BlackElo "1641"]
[PlyCount "165"]
[EventDate "2021.09.25"]
[EventType "team-swiss"]
[EventRounds "9"]
[EventCountry "NCA"]
[SourceTitle "EXT 2023"]
[Source "ChessBase"]
[SourceDate "2022.10.05"]
[SourceVersion "1"]
[SourceVersionDate "2022.10.05"]
[SourceQuality "1"]
[WhiteTeam "Petrosian CC"]
[BlackTeam "UNI B"]
[WhiteTeamCountry "NCA"]
[BlackTeamCountry "NCA"]

1. d4 e6 2. g3 d5 3. Nf3 c5 4. Bg2 Nc6 5. 0-0 Nf6 6. Nc3 Bd7 7. Bf4 cxd4 8. Nb5 Ne5 9. Bxe5 Bxb5 10. Nxd4 Bd7 11. c4 Ng4 12. Nf3 Bc6 13. Qd4 Nxe5 14. Nxe5 f6 15. Nxc6 bxc6 16. cxd5 cxd5 17. Qa4+ Qd7 18. Qxd7+ Kxd7 19. e4 d4 20. e5 Rb8 21. exf6 gxf6 22. b3 e5 23. Rac1 Ba3 24. Rc4 Rhd8 25. Be4 h6 26. f4 Rf8 27. Ra4 Bc5 28. Rc1 Bb6 29. Kg2 f5 30. Bc6+ Kd6 31. fxe5+ Kxe5 32. Bf3 d3 33. Re1+ Kf6 34. Rc4 Rbc8 35. Rd1 Rxc4 36. bxc4 Rd8 37. Bd5 Re8 38. Rxd3 Re2+ 39. Kh3 Bc5 40. a3 Bg1 41. Bg2 Ra2 42. Rd1 Bc5 43. Rd5 Be7 44. c5 Rxa3 45. c6 Rc3 46. Rd7 Bc5 47. c7 Bb6 48. Rd6+ Kg5 49. Rc6 Rxc6 50. Bxc6 Bxc7 51. Kg2 Kf6 52. Kf3 Ke5 53. Ba4 Kd4 54. Bc2 Ke5 55. Bd3 a5 56. Bc2 Bd6 57. Ba4 Bc7 58. Bc2 Bd6 59. Ba4 Bc5 60. Bc2 Bg1 61. h3 Bd4 62. Ba4 Bb2 63. Bc2 Bc1 64. Ba4 f4 65. g4 Kd4 66. h4 Ke5 67. Bc2 Bd2 68. g5 hxg5 69. hxg5 Bb4 70. Kg4 Bf8 71. Kf3 Bg7 72. Kg4 Bh8 73. Kf3 Bg7 74. Kg4 Bf8 75. Kf3 Be7 76. g6 Bf8 77. Ba4 Bh6 78. Bc2 Kd4 79. g7 Bxg7 80. Kxf4 Kc3 81. Ba4 Kb4 82. Be8 a4 83. Bxa4 1/2-1/2

[Event "NCA-chT 1st Stage"]
[Site "Managua"]
[Date "2021.09.25"]
[Round "1.3"]
[White "Vanegas Lopez, Natanael Emanuel"]
[Black "Gutierrez Hernandez, Marlon Antonio"]
[Result "1-0"]
[WhiteElo "1686"]
[BlackElo "1589"]
[PlyCount "75"]
[EventDate "2021.09.25"]
[EventType "team-swiss"]
[EventRounds "9"]
[EventCountry "NCA"]
[SourceTitle "EXT 2023"]
[Source "ChessBase"]
[SourceDate "2022.10.05"]
[SourceVersion "1"]
[SourceVersionDate "2022.10.05"]
[SourceQuality "1"]
[WhiteTeam "Blitz Friends"]
[BlackTeam "Petrosian CC"]
[WhiteTeamCountry "NCA"]
[BlackTeamCountry "NCA"]

1. d4 d5 2. c4 Nf6 3. Nc3 Nc6 4. Nf3 Bg4 5. e3 e6 6. b3 Bb4 7. Bb2 Ne4 8. Rc1 0-0 9. Be2 Qe7 10. 0-0 Bxc3 11. Bxc3 dxc4 12. bxc4 Nxc3 13. Rxc3 Rad8 14. Qa4 Qd7 15. Qa3 h6 16. h3 Bh5 17. Ne5 Nxe5 18. Bxh5 Nc6 19. Bf3 b6 20. Rb1 f5 21. c5 Na5 22. Rbc1 Rc8 23. Bb7 Nxb7 24. c6 Qd6 25. cxb7 Qxa3 26. Rxa3 Rb8 27. Rxc7 a5 28. Rb3 Rf7 29. Rc8+ Rf8 30. Rxf8+ Kxf8 31. Rxb6 Ke7 32. Kf1 g5 33. Ke2 h5 34. Kd3 h4 35. Kc4 Kd7 36. Kb5 Kc7 37. Ka6 g4 38. Rb1 1-0

[Event "NCA-chT fase1"]
[Site "Managua"]
[Date "2019.09.28"]
[Round "1.3"]
[White "Ortiz, Marcos"]
[Black "Gutierrez Hernandez, Marlon Antonio"]
[Result "1-0"]
[WhiteElo "2155"]
[BlackElo "1619"]
[PlyCount "57"]
[EventDate "2019.09.28"]
[EventType "team-swiss"]
[EventRounds "9"]
[EventCountry "NCA"]
[SourceTitle "CBM 194 Extra"]
[Source "ChessBase"]
[SourceDate "2020.03.31"]
[SourceVersion "1"]
[SourceVersionDate "2020.03.31"]
[SourceQuality "1"]
[WhiteTeam "Soldados del Amor"]
[BlackTeam "Diamante de Las Segovias"]
[WhiteTeamCountry "NCA"]
[BlackTeamCountry "NCA"]

1. e4 d6 2. d4 e6 3. Nc3 Be7 4. f4 e5 5. Nf3 Bg4 6. Be3 exf4 7. Bxf4 Nd7 8. Bc4 Ngf6 9. h3 Bh5 10. g4 Bg6 11. Qe2 Nb6 12. Bb3 Qd7 13. a4 0-0 14. a5 Nc8 15. e5 dxe5 16. dxe5 Re8 17. Rd1 Qc6 18. Ba4 Qc5 19. exf6 gxf6 20. Bxe8 Nd6 21. Ba4 c6 22. Be3 Qxa5 23. 0-0 Ne4 24. Nxe4 Qxa4 25. Bd4 Rd8 26. Nxf6+ Bxf6 27. Bxf6 Rc8 28. Rfe1 c5 29. Qe7 1-0